000 00485nam a2200193Ia 4500
003 GCL
008 140319s9999 xx 000 0 eng d
040 _aGCL /
_cGCL
082 0 4 _aCC
_b296.8
_bH S
100 1 _aHASSAN, SOMAYA
245 1 0 _aTHE SYNAGOGUE IN OLD CAIRO : BEN EZRA /
_cHASSAN, SOMAYA
260 _a[S.N] :
_bPRESS DAR - HAKIM ،
_c1995
300 _a398
650 0 4 _aBEN EZRA
650 0 4 _aTEMPLES
650 0 4 _aGENIZAH
650 0 4 _aSYNAGOGUES
942 _2ddc
_cBK
999 _c15575
_d15575